Purse-seining with small boats

Guardat en:
Dades bibliogràfiques
Autor principal: Ben-Yami, M (Autor)
Format: Llibre
Idioma:anglès
Publicat: Roma FAO 1987
Edició:1a. ed
Col·lecció:FAO Training Series, 13
Matèries:
Etiquetes: Afegir etiqueta
Sense etiquetes, Sigues el primer a etiquetar aquest registre!

MARC

LEADER 00000nam a2200000 a 4500
001 UCK1753
003 CL-VaPUC
008 041126e19870000IT |||||||||||||||||eng|d
020 |a 9251022674 
082 0 4 |a 639.2  |b BEN  |2 21 
100 0 |a Ben-Yami, M  |e author  |9 489610 
245 1 0 |a Purse-seining with small boats 
250 |a 1a. ed 
300 |a 97 p 
942 |c BK 
945 |d 20041126 00:00:00  |a cmena 
260 |a Roma  |b FAO  |c 1987 
650 7 |a PESCA COMERCIAL  |2 CL-VaPUC  |9 489611 
650 7 |a IMPLEMENTOS DE PESCA  |2 CL-VaPUC  |9 261900 
650 0 |a Pesca artesanal   |9 261256 
650 0 |a Botes  |9 324431 
583 |a last modification  |c 20041126 00:00:00  |k Rodrigo Vera 
490 0 |a FAO Training Series, 13 
999 |c 311566  |d 311564